000
00245nam a22001217a 4500
003
SGT
082
_a
823.92
_b
GRE
100
_a
GREEN JOHN
245
_a
LET IT SNOW
260
_a
LONDON
_b
PENGUIN PUB
_c
2013
300
_a
354
942
_2
ddc
_c
BK
999
_c
33981
_d
33981